00784nam a22001695i 4500001000700000003000900007005001700016008004100033040002000074100003100094245011600125250001200241260006300253300002100316500009200337852018500429157148ES-MaACL20230906210609.0020222s1878 sp |||| | spa d aCAM bspa cCAM1 aLarrea, José María de.14aLos dos inseparables b: juguete cómico en un acto / carreglado á la escena española por J.M. de Larrea. a4ª ed. aMadrid : b[s.n.], c1878 (fimprenta de José Rodriguez) a21 p. ; c20 cm. aEn port.: Representado en el Teatro de Variedades la noche del 24 de diciembre de 1853. aES-MaACLjF-8624(7) z-- Enc. pasta española. q-- Falto de la cub. originalz.- Enc. en un vol. facticio formando parte de la col. facticia "Teatro español moderno", vol. 79